|
|
|
|
| LEADER |
00793nam a2200193Ia 4500 |
| 001 |
CTU_23129 |
| 008 |
210402s9999 xx 000 0 und d |
| 082 |
|
|
|a 808.7
|
| 082 |
|
|
|b A105/1998
|
| 100 |
|
|
|a Lê Thị Trường An
|
| 245 |
|
0 |
|a Thơ trào phúng Việt Nam giai đoạn nửa cuối thế kỉ 18 - hết thế kỉ 19
|
| 245 |
|
0 |
|b Luận văn tốt nghiệp Đại học Sư phạm văn Khóa 20
|
| 245 |
|
0 |
|c Lê Thị Trường An
|
| 260 |
|
|
|a Cần Thơ
|
| 260 |
|
|
|b Trường Đại học Cần Thơ, Khoa Sư phạm, Bộ môn Ngữ văn
|
| 260 |
|
|
|c 1998
|
| 650 |
|
|
|a vietnamese poetry - history and criticism
|
| 904 |
|
|
|i Nguyễn Quang Điền, 980725
|
| 980 |
|
|
|a Trung tâm Học liệu Trường Đại học Cần Thơ
|